bad man - nicole dollanganger - Statistics

General Stats
  • This quiz has been taken 2 times
  • The average score is 48 of 179
Answer Stats
Answer % Correct
bad
100%
man
100%
man?
100%
a
50%
about
50%
and
50%
be
50%
he
50%
him
50%
i
50%
im
50%
it
50%
ive
50%
love
50%
my
50%
no
50%
of
50%
on
50%
the
50%
to
50%
was
50%
with
50%
you
50%
body
0%
but
0%
clothes
0%
condemn
0%
could
0%
couldnt
0%
cried
0%
crying
0%
damn
0%
didnt
0%
die
0%
do
0%
doesnt
0%
dont
0%
elses
0%
give
0%
go
0%
god
0%
had
0%
hands
0%
have
0%
he'd
0%
it'd
0%
know
0%
knows
0%
left
0%
let
0%
lie
0%
make
0%
mean
0%
not
0%
now
0%
out
0%
over
0%
same
0%
say
0%
somebody
0%
sorry
0%
still
0%
story
0%
tears
0%
tell
0%
that
0%
these
0%
washed
0%
what
0%
why
0%
wish
0%
wrote
0%
No matching quizzes found
Score Distribution
Percent of People with Each Score
Percentile by Number Answered
Your Score History
You have not taken this quiz